000
00237nam a22001097a 4500
040
_c
SP
082
_a
664
100
_a
NA
245
_a
A guide to calculating the shelf life of foods
260
_a
New Zealand
_b
NA
_c
2005
942
_c
EK
999
_c
8564
_d
8564